00469nam a2200181 a 4500001001300000003000900013005001700022008004100039020000900080082001700089100002900106245002900135260003300164300000800197500003500205650001800240700002900258nice12345678IN_TiNIC20260116014309.0080414s2000 leia grd 000 0 eng  ac7500a297.09bCEN1 aCentre For Development,  aIslam Comes to Hindustan aLeicester bNo Pleace c2000 a00p aincludes index and biblioraphy aIslam-History1 aCentre For Development,